Normal view
MARC view
Entry Personal Name
001 - CONTROL NUMBER
- control field: 234967
003 - CONTROL NUMBER IDENTIFIER
- control field: OSt
005 - DATE AND TIME OF LATEST TRANSACTION
- control field: 20250811092724.0
008 - FIXED-LENGTH DATA ELEMENTS
- fixed length control field: 250811|| aca||aabn | a|a d
040 ## - CATALOGING SOURCE
- Original cataloging agency: OSt
- Transcribing agency: OSt
100 ## - HEADING--PERSONAL NAME
- Personal name: NAYAKA (G H)
- Dates associated with a name: ನಾಯಕ (ಜಿ ಎಚ್ )
670 ## - SOURCE DATA FOUND
- Source citation: Work cat.: (OSt)105770: NAYAKA (G H) ನಾಯಕ (ಜಿ ಎಚ್ ), Harishchandra kavya: odu vimarshe, 2002